000 00584nam a2200229Ia 4500
003 OSt
005 20220924145638.0
006 a|||||r|||| 00| 0
007 ta
008 220923b |||||||| |||| 00| 0 tel d
024 _a329658
037 _cTextual
040 _aARTS
_cARTS
_btel
041 _2tel
_atel
082 _aO15:gxK75,1:g, 35K3
100 _aJagannathudu
_9220228
245 0 _aRasagangadhram
260 _c1963
650 _aSANSKRIT LITERATURE
942 _hO15:gxK75,1:g, 35K3
_cTEXL
_2CC
999 _c460727
_d460727